[Event "URS-ch sf"]
[Site "Irkutsk"]
[Date "1983.??.??"]
[Round "?"]
[White "Chernin, Alexander"]
[Black "Kaidanov, Grigory S"]
[Result "1-0"]
[WhiteElo "2475"]
[BlackElo "2345"]

1.c4 e6 2.g3 d5 3.Bg2 Nf6 4.Nf3 dxc4 5.Qa4+ Nbd7 6.Qxc4 c5 7.Qb3 Rb8 8.d3 Bd6
9.Nfd2 O-O 10.Nc4 Bc7 11.a4 Ne5 12.Nba3 Bd7 13.Nxe5 Bxe5 14.O-O Qe7 15.Bd2 Rfc8
16.Bc3 Bxc3 17.bxc3 e5 18.c4 Bc6 19.Nb5 Bxg2 20.Kxg2 b6 21.f3 Ne8 22.Rfb1 a6
23.Nc3 Nc7 24.Rb2 Qe6 25.Rab1 a5 26.Nd5 Na6 27.Qxb6 Rxb6 28.Rxb6 Qe8 29.Rxa6 h5
30.Rxa5 Kh7 31.Ra7 Qe6 32.Rb6 Rc6 33.a5 Qh6 34.Rxf7 h4 35.Rxc6 h3+ 36.Kf2 Qxc6
37.Rf5 Qa4 38.Rxe5 Qxa5 39.Rh5+ Kg6 40.Rxh3 Qa1 41.Rh4 Kf7 42.Rf4+ Ke6 43.Kg2 Qe1
44.Re4+ Kf7 45.h4 Qd2 46.Nf4  1-0

[Event "URS-ch sf"]
[Site "Irkutsk"]
[Date "1983.??.??"]
[Round "?"]
[White "Kaidanov, Grigory S"]
[Black "Kharitonov, Andrei Y"]
[Result "1/2-1/2"]
[WhiteElo "2345"]
[BlackElo "2430"]

1.d4 d5 2.Nf3 Nf6 3.c4 e6 4.Bg5 Be7 5.Nc3 Nbd7 6.e3 O-O 7.cxd5 Nxd5 8.Nxd5 exd5
9.Bxe7 Qxe7 10.Rc1 c6 11.Be2 Nf6 12.O-O Bg4 13.a3 Ne4 14.Nd2 Bxe2 15.Qxe2 Nxd2
16.Qxd2  1/2-1/2

[Event "URS-ch sf"]
[Site "Irkutsk"]
[Date "1983.??.??"]
[Round "?"]
[White "Kaidanov, Grigory S"]
[Black "Pigusov, Evgeny"]
[Result "1/2-1/2"]
[WhiteElo "2345"]
[BlackElo "2430"]

1.d4 Nf6 2.c4 e6 3.Nc3 d5 4.cxd5 exd5 5.Bg5 Be7 6.e3 O-O 7.Bd3 Nbd7 8.Qc2 Re8
9.Nf3 Nf8 10.O-O a6 11.a3 c6 12.h3 Be6 13.b4 a5 14.b5 c5 15.dxc5 Bxc5 16.Nd4 Rc8
17.Qb3 Bxd4 18.exd4 h6 19.Be3 Qd6 20.Ne2 Qd7 21.Nf4 Bf5 22.Rac1 Be4 23.Be2 Ng6
24.Nxg6 Bxg6  1/2-1/2

[Event "URS-ch sf"]
[Site "Irkutsk"]
[Date "1983.??.??"]
[Round "?"]
[White "Lputian, Smbat G"]
[Black "Kaidanov, Grigory S"]
[Result "1-0"]
[WhiteElo "2495"]
[BlackElo "2345"]

1.d4 d5 2.c4 dxc4 3.Nf3 a6 4.e4 b5 5.a4 Bb7 6.axb5 axb5 7.Rxa8 Bxa8 8.Nc3 e6
9.Nxb5 Bxe4 10.Bxc4 Bxf3 11.Qxf3 c6 12.O-O Qb6 13.Nc3 Qxd4 14.Qg3 Nd7 15.Rd1 Qe5
16.Bf4 Qa5 17.Bc7 Qa7 18.Ne4 Ngf6 19.Nd6+ Bxd6 20.Qxd6 g6 21.b4 Qa4 22.Re1 Nd5
23.Bxd5 cxd5 24.h4 d4 25.Ba5 Qb3 26.Rc1  1-0

[Event "URS-ch sf"]
[Site "Irkutsk"]
[Date "1983.??.??"]
[Round "?"]
[White "Panchenko, Alexander N"]
[Black "Kaidanov, Grigory S"]
[Result "1/2-1/2"]
[WhiteElo "2475"]
[BlackElo "2345"]

1.e4 e5 2.Nf3 Nf6 3.Nxe5 d6 4.Nf3 Nxe4 5.Qe2 Qe7 6.d3 Nf6 7.Bg5 Nbd7 8.Nc3 Qxe2+
9.Bxe2 h6 10.Bd2 c6 11.O-O-O Be7 12.Rhe1 O-O 13.Ne4 d5 14.Nxf6+ Nxf6 15.h3 Bd6
16.Bf1 Bd7 17.c3 Rfe8 18.Kc2 Rxe1 19.Rxe1 Re8 20.Rxe8+ Bxe8 21.Be3 c5 22.b3  1/2-1/2

[Event "URS-ch U20"]
[Site "Vilnius"]
[Date "1984.??.??"]
[Round "1"]
[White "Rozentalis, Eduardas"]
[Black "Kaidanov, Grigory S"]
[Result "0-1"]
[WhiteElo "2465"]
[BlackElo "2390"]

1.e4 c5 2.c3 d5 3.exd5 Qxd5 4.d4 Nf6 5.Nf3 e6 6.Be2 Be7 7.O-O cxd4 8.cxd4 O-O
9.Nc3 Qd6 10.Nb5 Qd8 11.Bf4 Nc6 12.Rc1 a6 13.Nc3 Nb4 14.Qb3 b6 15.a3 Nbd5
16.Be5 Bb7 17.Na4 Nd7 18.Rfd1 Rc8 19.Bg3 b5 20.Ne5 f5 21.h3 f4 22.Bh2 Nxe5
23.dxe5 Rxc1 24.Rxc1 Qb8 25.Nb6 Qxe5 26.Bf3 Rd8 27.g3 Bc5 28.Bxd5 Bxd5 29.Nxd5 Rxd5
30.gxf4 Qe2 31.Bg3 Rd3 32.Rc3 Rd1+ 33.Kg2 Qe4+ 34.Rf3 Qe1 35.Bh2 Qh1+ 36.Kg3 Rg1+  0-1

[Event "URS-ch U20"]
[Site "Vilnius"]
[Date "1984.??.??"]
[Round "2"]
[White "Kharitonov, Andrei Y"]
[Black "Kaidanov, Grigory S"]
[Result "1/2-1/2"]
[WhiteElo "2455"]
[BlackElo "2390"]

1.d4 Nf6 2.Nf3 d5 3.c4 e6 4.Nc3 dxc4 5.e3 c5 6.Bxc4 a6 7.a4 Nc6 8.O-O Be7
9.Qe2 cxd4 10.Rd1 O-O 11.exd4 Nd5 12.Qe4 Nf6 13.Qe2 Nd5 14.Qe4 Nf6 15.Qe2 Qd5
16.Qe4  1/2-1/2

[Event "URS-ch U20"]
[Site "Vilnius"]
[Date "1984.??.??"]
[Round "15"]
[White "Kaidanov, Grigory S"]
[Black "Pigusov, Evgeny"]
[Result "1/2-1/2"]
[WhiteElo "2390"]
[BlackElo "2460"]

1.d4 d5 2.c4 e6 3.Nc3 Nf6 4.cxd5 exd5 5.Bg5 Be7 6.e3 O-O 7.Bd3 Nbd7 8.Qc2 Re8
9.Nf3 Nf8 10.O-O a6 11.a3 c6 12.h3 Be6 13.Bxf6 Bxf6 14.Na4 Be7 15.Nc5 Bc8
16.b4 Bd6 17.Rfc1 Qf6 18.Qd1 Ne6 19.Bf1 Ng5 20.Nxg5 Qxg5 21.Qf3  1/2-1/2

[Event "URS-ch U26"]
[Site "Lvov"]
[Date "1985.??.??"]
[Round "?"]
[White "Vyzmanavin, Alexey"]
[Black "Kaidanov, Grigory S"]
[Result "1-0"]
[WhiteElo "2485"]
[BlackElo "2415"]

1.d4 Nf6 2.Nf3 c5 3.d5 g6 4.Nc3 Bg7 5.e4 O-O 6.Be2 d6 7.O-O Na6 8.Nd2 Nc7
9.a4 Rb8 10.Nc4 Nd7 11.Bg5 Ne5 12.Ne3 f5 13.exf5 gxf5 14.f4 Nf7 15.Bh4 Nh6
16.Kh1 Ne8 17.Bd3 Nf6 18.Qe2 Kh8 19.Bg5 Nfg8 20.Rae1 a6 21.Qh5 Bd7 22.Ne2 Qc8
23.Ng3 b5 24.axb5 axb5 25.c3 c4 26.Bc2 b4 27.Ne2 Qe8 28.Qh4 Ba4 29.Bb1 Bd7
30.Nxc4 bxc3 31.bxc3 Bb5 32.Ne3 Bxe2 33.Rxe2 Qb5 34.c4 Qc5 35.Bc2 Rb2 36.h3 Qb4
37.Qe1 Qc5 38.Nd1 Ra2 39.Bd3 Ra1 40.Bxe7 Nxe7 41.Rxe7 Qd4 42.Qe2 Ra3 43.Bc2 Qf6
44.Re3 Ra1 45.Re8 Ra2 46.Rxf8+ Bxf8 47.Qd3 Bg7 48.Ne3 Ra1 49.Rxa1 Qxa1+ 50.Bb1 Qb2
51.Qc2 Qb4 52.Qd1 Qc3 53.Nxf5 Nxf5 54.Bxf5 Qxc4 55.Qb1  1-0

[Event "URS-ch U26"]
[Site "Lvov"]
[Date "1985.??.??"]
[Round "?"]
[White "Rozentalis, Eduardas"]
[Black "Kaidanov, Grigory S"]
[Result "1/2-1/2"]
[WhiteElo "2490"]
[BlackElo "2415"]

1.e4 c5 2.Nf3 e6 3.b3 Nf6 4.e5 Nd5 5.Bb2 Be7 6.Nc3 Nxc3 7.Bxc3 Nc6 8.Bd3 b6
9.Qe2 Bb7 10.h4 Qc7 11.Rh3 Nb4 12.Bxb4 cxb4 13.Rg3 Bxf3 14.Rxf3 f6 15.exf6 Bxf6
16.Qe4 Qe5 17.Qxe5 Bxe5 18.O-O-O Ke7 19.Re1  1/2-1/2

[Event "URS-ch U26"]
[Site "Lvov"]
[Date "1985.??.??"]
[Round "?"]
[White "Kaidanov, Grigory S"]
[Black "Kharitonov, Andrei Y"]
[Result "1/2-1/2"]
[WhiteElo "2415"]
[BlackElo "2450"]

1.e4 c5 2.Nf3 e6 3.d4 cxd4 4.Nxd4 a6 5.Bd3 Nf6 6.c4 Nc6 7.Be3 Ne5 8.O-O Qc7
9.h3 b6 10.Nc3 Bb7 11.Rc1 Bb4 12.Bf4 O-O 13.Re1 Bd6 14.Bg5 Rac8 15.Bf1 Ng6
16.Nf3 Be7 17.Bd3 d6 18.Na4 Ba8 19.Nc3 Bb7 20.Na4 Ba8 21.Nc3 Bb7  1/2-1/2

[Event "Moscow-B"]
[Site "Moscow"]
[Date "1985.??.??"]
[Round "?"]
[White "Kaidanov, Grigory S"]
[Black "Szekely, Peter"]
[Result "1-0"]
[WhiteElo "2415"]
[BlackElo "2415"]

1.d4 Nf6 2.c4 e6 3.Nc3 Bb4 4.e3 O-O 5.Bd3 d5 6.cxd5 exd5 7.Ne2 c5 8.a3 Bxc3+
9.bxc3 b6 10.O-O Ba6 11.Bxa6 Nxa6 12.f3 Re8 13.Ng3 Qd7 14.Ra2 Rac8 15.Re2 cxd4
16.cxd4 Rc4 17.Bb2 Qa4 18.Qd3 Nc7 19.Nf5 Rd8 20.e4 Ne6 21.Qd2 g6 22.Nh6+ Kg7
23.Ref2 Rdc8 24.Ng4 Nxg4 25.fxg4 Nd8 26.Qg5 Rc2 27.Qf6+ Kg8 28.Rxc2 Qxc2
29.Rc1  1-0

[Event "URS-ch otbor"]
[Site "Minsk"]
[Date "1986.??.??"]
[Round "?"]
[White "Panchenko, Alexander N"]
[Black "Kaidanov, Grigory S"]
[Result "1/2-1/2"]
[WhiteElo "2435"]
[BlackElo "2415"]

1.d4 Nf6 2.c4 c5 3.Nf3 cxd4 4.Nxd4 e6 5.Nc3 a6 6.e4 Bb4 7.Bd3 Nc6 8.Be3 Qc7
9.Nxc6 dxc6 10.O-O Bxc3 11.bxc3 O-O 12.f4 e5 13.h3 Nd7 14.f5 c5 15.g4 a5
16.g5 Ra6 17.Qe2 Rd6 18.Bc2 Rd8 19.h4 b6 20.Rf2 Ba6 21.Kh2 Nf8 22.h5 Bb7
23.Raf1 R6d7 24.Qg4 Qc6 25.Qg3 Rd3 26.Bxd3 Rxd3 27.Qf3 Rxc3 28.Rc1 Ra3 29.Rd1 Qxe4
30.Qxe4 Bxe4 31.Bc1 Rd3 32.Rfd2 Rd4 33.Bb2 Bxf5 34.Bxd4 exd4 35.Re1 Be6 36.Rb2 Nd7
37.Rxe6 fxe6 38.Kg3 Kf7 39.Kf4 h6 40.gxh6 gxh6 41.Ke4 Nf6+ 42.Ke5 Ng4+ 43.Ke4 Nf6+
44.Kf4 Nd7 45.Rg2 Kf6 46.Rg6+ Kf7 47.Rg2 Kf6 48.Rg6+ Kf7 49.Rg2  1/2-1/2

[Event "Moscow-B"]
[Site "Moscow"]
[Date "1986.??.??"]
[Round "?"]
[White "Kaidanov, Grigory S"]
[Black "Kengis, Edvins"]
[Result "1/2-1/2"]
[WhiteElo "2405"]
[BlackElo "2475"]

1.d4 Nf6 2.c4 e6 3.Nc3 Bb4 4.Qc2 c5 5.dxc5 O-O 6.a3 Bxc5 7.Nf3 Nc6 8.Bf4 b6
9.e3 Bb7 10.Rd1 Rc8 11.Be2 Be7 12.O-O Na5 13.Ne5 Ba6 14.b3 d5 15.e4 Bd6 16.exd5 Qc7
17.Bg3 Nxb3 18.dxe6 Bxe5 19.Bxe5 Qxe5 20.exf7+ Rxf7 21.Qxb3 Kh8 22.Rfe1 Re7
23.h3 Qc5 24.Rc1 Rce8 25.Red1 Rxe2 26.Nxe2 Rxe2 27.Rd8+ Ng8 28.Qf3 Qe7 29.Qd5 Qe6
30.c5 Qxd5 31.Rxd5 bxc5 32.Rcxc5 Re7 33.Rd8 h6 34.Ra8 Kh7 35.Ra5 Bd3 36.R8xa7 Re1+
37.Kh2 Nf6 38.f3 Bf1 39.Kg1 Bc4+ 40.Kf2 Re2+ 41.Kg1 Nd5 42.Rc5 Ne3 43.Kh1 Re1+
44.Kh2 Nf1+ 45.Kg1 Ne3+ 46.Kh2 Nf1+ 47.Kg1 Ne3+  1/2-1/2

[Event "Tbilisi"]
[Site "Tbilisi"]
[Date "1986.??.??"]
[Round "?"]
[White "Kaidanov, Grigory S"]
[Black "Cvitan, Ognjen"]
[Result "1/2-1/2"]
[WhiteElo "2415"]
[BlackElo "2495"]

1.e4 c5 2.Nf3 e6 3.d4 cxd4 4.Nxd4 a6 5.Bd3 Nf6 6.O-O Qc7 7.Qe2 d6 8.c4 g6
9.Nb3 b6 10.a4 Nc6 11.Bf4 Bg7 12.Nc3 O-O 13.Rfc1 Ne5 14.a5 Nfd7 15.axb6 Qxb6
16.Ra3 Nxd3 17.Qxd3 Ne5 18.Qe2 Bd7 19.Rd1 Qc7 20.Na5 Rfc8 21.b3 Be8 22.h3 Rab8
23.Qd2 Bf8 24.Ra2 h5 25.Bh6 Be7 26.Bg5 Bf8 27.Bh6 Be7 28.Bg5 Bf8  1/2-1/2

[Event "Tbilisi"]
[Site "Tbilisi"]
[Date "1986.??.??"]
[Round "?"]
[White "Kaidanov, Grigory S"]
[Black "Karolyi, Tibor Jr"]
[Result "1/2-1/2"]
[WhiteElo "2415"]
[BlackElo "2410"]

1.d4 d5 2.c4 dxc4 3.Nf3 c5 4.e3 cxd4 5.Bxc4 Qc7 6.Qb3 e6 7.exd4 Nc6 8.O-O Nf6
9.Bg5 Be7 10.Nc3 O-O 11.Bd3 b6 12.Rac1 Bb7 13.Rfe1 Qd8 14.Qd1 Nd5 15.Bd2 Rc8
16.Bb1 Re8 17.Qe2 Nxc3 18.bxc3 Bf6 19.Bf4 Ne7 20.Ng5 g6 21.Ne4 Nd5 22.Bg3 Be7
23.c4  1/2-1/2

[Event "Tbilisi"]
[Site "Tbilisi"]
[Date "1986.??.??"]
[Round "?"]
[White "Kaidanov, Grigory S"]
[Black "Gurgenidze, Bukhuti"]
[Result "1-0"]
[WhiteElo "2415"]
[BlackElo "2440"]

1.d4 Nf6 2.Nf3 e6 3.g3 b5 4.Bg2 Bb7 5.O-O Be7 6.Bg5 Na6 7.c3 c5 8.Qd3 c4
9.Qc2 Be4 10.Qd1 O-O 11.Nbd2 d5 12.Bxf6 gxf6 13.Nxe4 dxe4 14.Nd2 f5 15.a4 b4
16.e3 bxc3 17.bxc3 Rc8 18.Qh5 Kh8 19.Rfc1 Nc5 20.Rcb1 Nd7 21.Bf1 Nf6 22.Qd1 Nd5
23.Rc1 Bg5 24.Qe1 Rg8 25.Kh1 h5 26.Bxc4 Nf6 27.Bf1 h4 28.Bg2 Rg7 29.Qe2 Rh7
30.Kg1 Qf8 31.Nf1 Qh6 32.Rab1 Rg8 33.Rb7 f4 34.exf4 Bxf4 35.Rcb1 hxg3 36.fxg3 Ng4
37.Qxe4 Be3+ 38.Nxe3 Qxh2+ 39.Kf1 Nxe3+ 40.Qxe3 Rh5 41.Rxf7  1-0

[Event "Tbilisi"]
[Site "Tbilisi"]
[Date "1986.??.??"]
[Round "?"]
[White "Arkhipov, Sergey"]
[Black "Kaidanov, Grigory S"]
[Result "0-1"]
[WhiteElo "2540"]
[BlackElo "2415"]

1.d4 Nf6 2.c4 c5 3.d5 b5 4.cxb5 a6 5.f3 g6 6.e4 d6 7.Na3 axb5 8.Bxb5+ Bd7
9.Ne2 Bg7 10.Bxd7+ Nfxd7 11.Nc4 Nb6 12.Nxb6 Qxb6 13.O-O O-O 14.Nc3 Na6 15.Qe2 Rfb8
16.Rf2 Nb4 17.Be3 Qa6 18.Qxa6 Rxa6 19.Rd2 c4 20.Rc1 Nd3 21.Rcc2 Nb4 22.Rc1 Nd3
23.Rcc2 Ra5 24.Kf1 f5 25.exf5 gxf5 26.Bg5 Kf7 27.Re2 Rb7 28.g3 h6 29.Bh4 Nb4
30.Rc1 Nd3 31.Rcc2 Bd4 32.Kg2 Nb4 33.Rc1 Nxa2 34.Rce1 Bxc3 35.bxc3 Nxc3 36.Rxe7+ Rxe7
37.Rxe7+ Kf8 38.Re6 Nxd5 39.Rxd6 c3 40.Rxh6 c2 41.Bg5 f4  0-1

[Event "URS-FL"]
[Site "Lvov"]
[Date "1987.??.??"]
[Round "?"]
[White "Kaidanov, Grigory S"]
[Black "Lputian, Smbat G"]
[Result "1/2-1/2"]
[WhiteElo "2475"]
[BlackElo "2540"]

1.e4 e5 2.Nc3 Nf6 3.Bc4 Nxe4 4.Qh5 Nd6 5.Bb3 Nc6 6.Nb5 g6 7.Qf3 f5 8.Qd5 Qe7
9.Nxc7+ Kd8 10.Nxa8 b6 11.Nxb6 axb6 12.d3 Bb7 13.Qf3 Nd4 14.Qh3 h5 15.f3 f4
16.Bd2 Bg7 17.O-O-O N6f5 18.Re1 Kc7 19.Ne2 Nxb3+ 20.axb3 Qd6 21.Nc3 Nd4 22.Ne4 Ra8
23.Bc3 Bxe4 24.fxe4 f3 25.Bxd4 Qb4 26.Bxb6+ Kxb6 27.Kb1 Qa5 28.c3 Qa2+ 29.Kc2 Ra3
30.Ra1  1/2-1/2

[Event "URS-FL"]
[Site "Lvov"]
[Date "1987.??.??"]
[Round "?"]
[White "Kaidanov, Grigory S"]
[Black "Rozentalis, Eduardas"]
[Result "1-0"]
[WhiteElo "2475"]
[BlackElo "2505"]

1.d4 Nf6 2.c4 e6 3.Nc3 Bb4 4.Qc2 O-O 5.a3 Bxc3+ 6.Qxc3 b6 7.Bg5 Bb7 8.f3 h6
9.Bh4 d5 10.cxd5 exd5 11.e3 Re8 12.Bf2 c5 13.Bb5 Nc6 14.Ne2 c4 15.b3 cxb3
16.Qxb3 Na5 17.Qa2 Bc6 18.Bd3 Ba4 19.Rb1 Rc8 20.O-O Qd7 21.Ng3 Rc3 22.Qd2 Rxa3
23.e4 dxe4 24.fxe4 Ng4 25.Nf5 g6 26.h3 gxf5 27.hxg4 fxe4 28.Bb5 Bxb5 29.Qxh6 Re6
30.Qg5+ Rg6 31.Qxb5 Qxb5 32.Rxb5 Nc4 33.Bh4 Ne3 34.Rc1 Nxg4 35.Rh5 Kg7 36.d5 Rd3
37.Bg5 e3 38.Kf1 Rd2 39.Rc8 Rf2+ 40.Ke1 Rf5 41.d6 Rxd6 42.Rch8 Rxg5  1-0

[Event "URS-FL"]
[Site "Lvov"]
[Date "1987.??.??"]
[Round "?"]
[White "Kaidanov, Grigory S"]
[Black "Panchenko, Alexander N"]
[Result "1-0"]
[WhiteElo "2475"]
[BlackElo "2475"]

1.d4 d5 2.c4 e6 3.Nf3 Nf6 4.Nc3 dxc4 5.e4 Bb4 6.Bg5 c5 7.Bxc4 cxd4 8.Nxd4 Bxc3+
9.bxc3 Qa5 10.Bxf6 Qxc3+ 11.Kf1 gxf6 12.Rc1 Qa5 13.Bb5+ Ke7 14.e5 fxe5 15.Qh5 Nd7
16.Qg5+ Kf8 17.Qh6+ Ke8 18.Qg7 Rf8 19.Qxe5 Qd2 20.Nb3 Qb4 21.Qh5 a6 22.Bd3 b5
23.Re1 Nf6 24.Qe5 Nd5 25.Nd4 Bb7 26.h4 Rd8 27.Rh3 Qd6 28.Qg5 Ne7 29.Rd1 Rg8
30.Nxb5 Qb8 31.Qc1 Bxg2+  1-0

[Event "URS-FL"]
[Site "Lvov"]
[Date "1987.??.??"]
[Round "?"]
[White "Gavrikov, Viktor"]
[Black "Kaidanov, Grigory S"]
[Result "1/2-1/2"]
[WhiteElo "2525"]
[BlackElo "2475"]

1.d4 Nf6 2.c4 e6 3.Nf3 a6 4.Nc3 c5 5.e3 d5 6.cxd5 exd5 7.Be2 cxd4 8.Nxd4 Bd6
9.Qa4+ Bd7 10.Qb3 Nc6 11.O-O O-O 12.Nxd5 Nxd4 13.exd4 Nxd5 14.Qxd5 Bb5 15.Qh5 g6
16.Qf3 Qh4 17.g3 Bxe2 18.Qxe2 Qxd4 19.Qf3 Qb4 20.a3 Qb5 21.a4 Qc6 22.Qxc6 bxc6
23.Be3  1/2-1/2

[Event "URS-FL"]
[Site "Lvov"]
[Date "1987.??.??"]
[Round "?"]
[White "Romanishin, Oleg M"]
[Black "Kaidanov, Grigory S"]
[Result "1-0"]
[WhiteElo "2555"]
[BlackElo "2475"]

1.e4 c5 2.Nf3 e6 3.d3 Nc6 4.g3 g6 5.Bg5 Qc7 6.Bg2 Bg7 7.c3 d5 8.O-O Nge7
9.Re1 d4 10.Qc1 e5 11.b4 cxb4 12.cxb4 a6 13.a4 Qd6 14.Na3 Qxb4 15.Nc4 Rb8
16.Bh6 O-O 17.Bxg7 Kxg7 18.Ncxe5 Nxe5 19.Nxe5 Be6 20.Rb1 Qa5 21.Qa3 Nc6 22.Nxc6 bxc6
23.Qd6 Qc3 24.Rbc1 Qxd3 25.Red1 Qb3 26.Qxd4+ Kg8 27.Rd3 Rb4 28.Rxb3 Rxd4
29.Ra3 c5 30.Bf1 c4 31.Rac3 Rxe4  1-0

[Event "URS-FL"]
[Site "Lvov"]
[Date "1987.??.??"]
[Round "?"]
[White "Zaichik, Gennadi"]
[Black "Kaidanov, Grigory S"]
[Result "0-1"]
[WhiteElo "2490"]
[BlackElo "2475"]

1.e4 c5 2.Nf3 d6 3.d4 cxd4 4.Nxd4 Nf6 5.Nc3 Nc6 6.Bg5 e6 7.Qd2 a6 8.O-O-O Bd7
9.Nxc6 Bxc6 10.Qe1 Be7 11.Kb1 b5 12.Bd3 Nd7 13.Bxe7 Qxe7 14.Qd2 Nc5 15.Rhe1 O-O
16.Bf1 b4 17.Qxd6 Qxd6 18.Rxd6 Rfc8 19.Nd1 Bxe4 20.Rd4 b3 21.axb3 Bg6 22.Bc4 Rab8
23.Re3 a5 24.Kc1 Rb4 25.Nc3 Kf8 26.Ne2 a4 27.bxa4 Rxa4 28.Nc3 Ra7 29.b3 Nd7
30.Kb2 Nb6 31.Bd3 Rac7 32.Bxg6 hxg6 33.Rd2 Rb7 34.Kc1 Rbc7 35.Nb5 Rc5 36.Nd6 R8c7
37.c4 Nd5 38.Rf3 f5 39.Kb2 Nf6 40.Rfd3 R5c6 41.f3 Ke7 42.Nb5 Rb7 43.Rd6 Rc5
44.Ra6 Nd7 45.Nd6 Rbc7 46.Nb5 Rb7 47.Nd6 Rbc7 48.b4 R5c6 49.Rxc6 Rxc6 50.c5 Nxc5
51.bxc5 Rxc5 52.Kb3 g5 53.Nc4 Kf6 54.Kc3 Rc8 55.Ra2 Rh8 56.h3 Rd8 57.Ra6 Rd1
58.Ne3 Rd8 59.Nc2 Ke5 60.Ne1 Rc8+ 61.Kd2 Kf6 62.Nd3 Rc4 63.Ra7 Rc8 64.Ra6 Rc4
65.g4 g6 66.Ra7 Rc8 67.Rh7 Ra8 68.Nc5 Ke5 69.Nd3+ Kf6 70.Nc5 Ke5 71.Ke3 Ra3+
72.Nd3+ Kf6 73.Rc7 Ra1 74.Rc1 Ra6 75.Rb1 Rd6 76.Rb7 Rc6 77.Rf7+  0-1

[Event "Moscow-B"]
[Site "Moscow"]
[Date "1987.??.??"]
[Round "?"]
[White "Kaidanov, Grigory S"]
[Black "Sveshnikov, Evgeny"]
[Result "1-0"]
[WhiteElo "2420"]
[BlackElo "2535"]

1.d4 d5 2.c4 e6 3.Nc3 c6 4.e3 Nd7 5.Nf3 Ngf6 6.Bd3 dxc4 7.Bxc4 b5 8.Bd3 Bb7
9.O-O a6 10.e4 c5 11.d5 exd5 12.exd5 Bd6 13.Re1+ Kf8 14.b3 h5 15.Bg5 Qc7
16.a4 b4 17.Ne4 Nxe4 18.Bxe4 g6 19.Qc2 Kg7 20.Bxg6 fxg6 21.Re6 Nf8 22.Rae1 Bxd5
23.Re7+ Bxe7 24.Rxe7+ Qxe7 25.Bxe7 Bxf3 26.gxf3 Kf7 27.Bd6 Ne6 28.Qe4 Ra7
29.Be5 Rd8 30.Qh4 Rd1+ 31.Kg2 Re7 32.Qf6+ Ke8 33.Qxg6+ Kd7 34.Qe4 Nd4 35.Qd5+ Ke8
36.Bf6 Re6 37.Qxh5+ Kd7 38.Qf7+ Kd6 39.Qf8+ Kd5 40.Qd8+ Rd6 41.Qg8+ Re6 42.f4 Kd6
43.Be5+ Ke7 44.Qh7+ Kd8 45.Qc7+ Ke8 46.Qc8+ Kf7 47.Qd7+ Kf8 48.Bd6+ Kg8 49.f5 Ree1
50.f6 Rg1+ 51.Kh3 Rd3+ 52.Bg3  1-0

[Event "Moscow-B"]
[Site "Moscow"]
[Date "1987.??.??"]
[Round "?"]
[White "Zaichik, Gennadi"]
[Black "Kaidanov, Grigory S"]
[Result "1-0"]
[WhiteElo "2500"]
[BlackElo "2420"]

1.c4 e5 2.g3 Nf6 3.Bg2 d5 4.cxd5 Nxd5 5.Nc3 Nb6 6.Nf3 Nc6 7.O-O Be7 8.d3 O-O
9.Bd2 Bg4 10.Rc1 Qd7 11.Ne4 Rad8 12.Be3 Kh8 13.Nc5 Bxc5 14.Bxc5 Rfe8 15.Re1 Nd5
16.Qa4 f6 17.Qb5 Rb8 18.Qc4 Be6 19.Qa4 Nb6 20.Qc2 Rbc8 21.b4 Nd5 22.b5 Nd8
23.e4 Nb6 24.d4 Qxb5 25.dxe5 fxe5 26.Nxe5 Nc4 27.Nd3 b6 28.Bd4 c5 29.Ba1 Nc6
30.Nf4 N4e5 31.Nxe6 Rxe6 32.Rb1 Qa6 33.f4 Nd3 34.Red1 Rd6 35.e5 Rdd8 36.Be4 c4
37.Qg2 b5 38.Qh3 Qb6+ 39.Kg2 g6 40.e6+ Kg8 41.Qh6 Qf2+ 42.Kh3 Nd4 43.Rxb5 Qe2
44.Rxd3 Qf1+ 45.Bg2 Qxd3 46.e7 Rd7 47.Rd5 Nf5 48.Rxd3 cxd3 49.Qg5 d2 50.Qf6 Rd6
51.Bd5+  1-0

[Event "URS-ch otbor"]
[Site "Norilsk"]
[Date "1987.??.??"]
[Round "?"]
[White "Vyzmanavin, Alexey"]
[Black "Kaidanov, Grigory S"]
[Result "1-0"]
[WhiteElo "2480"]
[BlackElo "2475"]

1.d4 d5 2.c4 dxc4 3.Nf3 c5 4.e3 cxd4 5.Bxc4 Qc7 6.Qb3 e6 7.exd4 Nc6 8.Nc3 a6
9.Qd1 Nf6 10.O-O Be7 11.Bg5 O-O 12.Qe2 Ng4 13.Be3 b5 14.Bb3 Bb7 15.Rfc1 Nxe3
16.fxe3 Qb6 17.Ne4 Na5 18.Nc5 Rfc8 19.Ne5 Nxb3 20.axb3 Bxc5 21.Nd7 Qd6 22.Nxc5 Bd5
23.b4 e5 24.Rd1 Re8 25.Qg4 Qh6 26.e4 Bc4 27.Qf3 exd4 28.b3 Be6 29.Rxd4 Qg5
30.Qg3 Qf6 31.e5 Qg6 32.Qxg6 hxg6 33.Kf2 Bc8 34.Rd5 Ra7 35.Ke3 f6 36.Kd4 Rae7
37.Re1 Bb7 38.Nxb7 Rxb7 39.Rd6 Kf7 40.Kd5 Rxe5+ 41.Rxe5 fxe5 42.Rxa6 Rd7+
43.Kxe5 Rd2 44.Ra7+ Kg8 45.g4 Rxh2 46.Rb7 Rb2 47.Rxb5 Rxb3 48.g5 Rb1 49.Ke6 Kh7
50.Kd5 Kg8 51.Kc4 Re1 52.Kd4 Rd1+ 53.Kc3 Re1 54.Rc5 Kf7 55.b5 Ke6 56.Kb4 Ra1
57.b6 Kd6 58.Rc3 Rb1+ 59.Ka5 Ra1+ 60.Kb5 Rb1+ 61.Ka6 Ra1+ 62.Kb7 Ra5 63.Rc6+ Ke7
64.Rxg6 Kf7 65.Rc6 Rxg5 66.Kc7  1-0

[Event "URS-ch otbor"]
[Site "Norilsk"]
[Date "1987.??.??"]
[Round "?"]
[White "Kaidanov, Grigory S"]
[Black "Gelfand, Boris"]
[Result "1/2-1/2"]
[WhiteElo "2475"]
[BlackElo "2510"]

1.e4 c5 2.Nf3 d6 3.d4 cxd4 4.Nxd4 Nf6 5.Nc3 a6 6.Bc4 e6 7.Bb3 b5 8.O-O Be7
9.Qf3 Qb6 10.Be3 Qb7 11.Qg3 Nbd7 12.Nf5 exf5 13.Qxg7 Rf8 14.Nd5 Nxd5 15.Bxd5 Qb8
16.Rfe1 Bb7 17.Bg5 Ne5 18.Bxe7 Kxe7 19.Qg5+ Kd7 20.Qxf5+ Kc7 21.Re3 Bxd5
22.exd5 Qb6 23.a4 b4 24.c3 b3 25.c4 Rae8 26.Rae1 Qc5 27.Kh1 Kd8 28.Qf6+ Kc7
29.Qf5 Kd8 30.Qf6+  1/2-1/2

[Event "URS-ch otbor"]
[Site "Norilsk"]
[Date "1987.??.??"]
[Round "?"]
[White "Kaidanov, Grigory S"]
[Black "Ruban, Vadim"]
[Result "1-0"]
[WhiteElo "2475"]
[BlackElo "2320"]

1.d4 d5 2.c4 e6 3.Nc3 Nf6 4.cxd5 exd5 5.Bg5 Be7 6.e3 c6 7.Bd3 O-O 8.Qc2 Nbd7
9.Nf3 Re8 10.O-O Nf8 11.Rae1 g6 12.Ne5 Ne6 13.f4 Ng7 14.h3 Bf5 15.g4 Bxd3
16.Qxd3 Nd7 17.Bxe7 Rxe7 18.e4 Nxe5 19.fxe5 Ne6 20.Rd1 Rd7 21.exd5 cxd5 22.Qf3 Ng5
23.Qe3 Rc8 24.Rf6 Ne6 25.h4 Rc4 26.Kh2 b5 27.b3 Rc6 28.Rdf1 b4 29.Ne2 Rc2
30.R1f2 Rxa2 31.h5 a5 32.hxg6 hxg6 33.Kg3 Rc7 34.Qh6 Rxe2 35.Rxe2 Nxd4 36.Rh2 Rc3+
37.Kg2  1-0

[Event "GMA-Open"]
[Site "Belgrade"]
[Date "1988.??.??"]
[Round "?"]
[White "Kaidanov, Grigory S"]
[Black "Janjgava, Lasha"]
[Result "0-1"]
[WhiteElo "2535"]
[BlackElo "2470"]

1.c4 Nf6 2.Nc3 e5 3.Nf3 Nc6 4.g3 d5 5.cxd5 Nxd5 6.Bg2 Nb6 7.O-O Be7 8.b3 O-O
9.Bb2 Bg4 10.a4 a6 11.a5 Nd7 12.Nd5 Bd6 13.Ne3 Be6 14.d4 exd4 15.Nxd4 Nxd4
16.Bxd4 Rb8 17.Ba7 Ra8 18.Bd4 Rb8 19.f4 Bc5 20.b4 Bxd4 21.Qxd4 Qf6 22.Qd2 Rfd8
23.f5 Ne5 24.Qc1 Bd7 25.Nd5 Qd6 26.f6 Be6 27.Qg5 Ng6 28.Ne7+ Kf8 29.fxg7+ Kxg7
30.Qf6+ Kf8 31.Nxg6+ hxg6 32.Rf4 Bf5 33.Qh8+ Ke7 34.Qh4+ Kf8 35.Qh8+ Ke7
36.Qh4+ Kf8 37.Raf1 Kg7 38.g4 Rh8 39.Qg3 Be6 40.h4 b6 41.h5 Rh6 42.Qc3+ Kg8
43.Rd4 Qe7 44.Qe3 Kg7 45.Qe5+ f6 46.Qe3 gxh5 47.Bd5 Rd8 48.Re4 Rxd5 49.Rxe6 Qxb4
50.Re7+ Kg6 51.Rxf6+ Kxf6 52.Qe6+ Kg5 53.Qxd5+ Kh4 54.Qh1+ Kg5 55.Qd5+ Kh4  0-1

[Event "GMA-Open"]
[Site "Belgrade"]
[Date "1988.??.??"]
[Round "?"]
[White "Geller, Efim P"]
[Black "Kaidanov, Grigory S"]
[Result "1/2-1/2"]
[WhiteElo "2465"]
[BlackElo "2535"]

1.e4 e5 2.Nf3 Nc6 3.Bb5 a6 4.Ba4 Nf6 5.O-O Nxe4 6.d4 b5 7.Bb3 d5 8.dxe5 Be6
9.Nbd2 Nxd2 10.Bxd2 Be7 11.Qe2 O-O 12.Rad1 Qd7 13.c3 Na5 14.Bc2 c5 15.Rfe1 Nc6
16.Bc1 Rfe8 17.h3 Rab8 18.Bf4 c4 19.Qe3 b4 20.Ng5 Bxg5 21.Bxg5 bxc3 22.bxc3 Bf5
23.Bxf5 Qxf5 24.Rxd5 f6 25.Bf4 Nxe5 26.Bxe5 Rxe5 27.Rxe5 Qxe5 28.Qxe5 fxe5
29.Rxe5 Rb1+ 30.Kh2 Rc1 31.Re3 Rc2 32.Kg3 Rxa2 33.Re4 Rc2 34.Rxc4 a5 35.f4 a4
36.Rxa4 Rxc3+ 37.Kg4 Kf7 38.Ra5 Rb3 39.Kh5 Rc3 40.h4 Rg3 41.Rg5 Rb3 42.g4 Rb4
43.Rf5+ Kg8 44.Kg5  1/2-1/2

[Event "GMA-Open"]
[Site "Belgrade"]
[Date "1988.??.??"]
[Round "?"]
[White "Abramovic, Bosko"]
[Black "Kaidanov, Grigory S"]
[Result "1-0"]
[WhiteElo "2445"]
[BlackElo "2535"]

1.e4 c5 2.Nc3 Nc6 3.g3 g6 4.Bg2 Bg7 5.d3 Rb8 6.f4 b5 7.Nf3 d6 8.O-O e6 9.e5 f5
10.d4 dxe5 11.dxe5 Qxd1 12.Rxd1 Bf8 13.a4 a6 14.axb5 axb5 15.Be3 Nh6 16.h3 Nf7
17.Ne1 Nfd8 18.Nd3 c4 19.Nc5 Rg8 20.Na6 Bxa6 21.Rxa6 Nb4 22.Rb6 Rc8 23.Nxb5 Nxc2
24.Bf2 Rg7 25.Nd6+ Bxd6 26.exd6 c3 27.Rc1  1-0

[Event "URS-ch otbor56"]
[Site "Blagoveshchensk"]
[Date "1988.??.??"]
[Round "?"]
[White "Kaidanov, Grigory S"]
[Black "Neverov, Valeriy"]
[Result "1-0"]
[WhiteElo "2535"]
[BlackElo "2440"]

1.Nf3 Nf6 2.c4 e6 3.Nc3 Bb4 4.g3 O-O 5.Bg2 d5 6.a3 Bxc3 7.dxc3 dxc4 8.Qxd8 Rxd8
9.Ne5 Nbd7 10.Nxc4 Nb6 11.Na5 Rb8 12.O-O Ne8 13.Be3 f6 14.Rfd1 Rxd1+ 15.Rxd1 Kf7
16.Rd8 Ke7 17.Nxb7 Nd6 18.Na5 Kxd8 19.Nc6+ Ke8 20.Nxb8 Nd5 21.Bxa7 Nc4 22.b3 Nd2
23.b4 Nxc3 24.a4 Nxe2+ 25.Kh1 Nc3 26.Bc6+ Kd8 27.a5 Nc4 28.Bc5 Ne5 29.Bd4 Nd5
30.Bxe5 fxe5 31.a6  1-0